000 00396 a2200109 4500
001 ART_39583
005 20260410162012.0
008 260409a
245 1 0 _aLa crítica de Hayek a la crítica racionalista de la moral de mercado
100 1 _aMarqués, Gustavo L.
773 0 _tDocumentos del CIECE
_gEnsayos sobre racionalidad en economía - Nº 4 (ene./jun. 2008)
_wREV39541
999 _c32283
_d32283